000 00304nam a22001457a 4500
008 221012b ||||| |||| 00| 0 eng d
020 _a74600139
041 _aeng
080 _a61
082 _a61 COW
100 _a9
101 _aINF
245 _aEMERGENCY WAR SURGERY
_cCOWAN J
942 _2udc
_cBK
999 _c58506
_d58506